| 000 | 01141cam a2200301 a 4500 | ||
|---|---|---|---|
| 001 | 508 | ||
| 005 | 20230511105505.0 | ||
| 008 | 090330s2010 nyua c 000 1 eng | ||
| 020 | _a9780061704109 (trade bdg. : alk. paper) | ||
| 020 | _a9780061704116 (lib. bdg. : alk. paper) | ||
| 040 |
_aDLC _cDLC _dDLC _dFISKH _beng |
||
| 050 | 0 | 0 |
_aPZ7.C67728 _bNes 2010 |
| 082 | 0 | 0 |
_a813.5 _222 |
| 100 | 1 |
_aCole, Henry, _d1955- |
|
| 245 | 1 | 2 |
_aA nest for Celeste : _ba story about art, inspiration, and the meaning of home / _cHenry Cole. |
| 260 |
_aNew York : _bScholastic. _c2012. |
||
| 300 |
_a342 pages : _billustrations ; _c19 cm. |
||
| 505 | _aM | ||
| 520 | _aCeleste, a mouse longing for a real home, becomes a source of inspiration to teenaged Joseph, assistant to the artist and naturalist John James Audubon, at a New Orleans, Louisiana, plantation in 1821. | ||
| 521 | 1 |
_a730
_bLexile |
|
| 521 | 1 |
_aM
_bRaz-Plus |
|
| 650 | 1 |
_aMice _vFiction. |
|
| 650 | 1 |
_aHuman-animal relationships _vFiction. |
|
| 650 | 1 |
_aArtists _vFiction. |
|
| 650 | 1 |
_aHome _vFiction. |
|
| 906 |
_a7 _bcbc _corignew _d1 _eecip _f20 _gy-gencatlg |
||
| 942 |
_2ddc _cBK _n0 |
||
| 999 |
_c508 _d508 |
||